UITU Library & LRC     

Wireless Humanoid Bionic Arm on Robotics Vehicle (Record no. 32779)

MARC details
000 -LEADER
fixed length control field 00454nam a2200133Ia 4500
008 - FIXED-LENGTH DATA ELEMENTS--GENERAL INFORMATION
fixed length control field 260210s9999 xx 000 0 und d
024 ## - OTHER STANDARD IDENTIFIER
Standard number or code 16B-195-EL, 16B-192-EL & 16B-240-EL
082 ## - DEWEY DECIMAL CLASSIFICATION NUMBER
Classification number 629.89205072 KHI
100 ## - MAIN ENTRY--PERSONAL NAME
Personal name Khizar Alam, Ibrahim Ahmed & Jaffar Shah
245 #0 - TITLE STATEMENT
Title Wireless Humanoid Bionic Arm on Robotics Vehicle
260 ## - PUBLICATION, DISTRIBUTION, ETC.
Place of publication, distribution, etc. Karachi:
Name of publisher, distributor, etc. UITU,
Date of publication, distribution, etc. 2016
600 ## - SUBJECT ADDED ENTRY--PERSONAL NAME
Personal name Computer System Engineering
650 ## - SUBJECT ADDED ENTRY--TOPICAL TERM
Topical term or geographic name entry element Bachelor of Engineering (BE)

No items available.

Powered by Koha